000
00351cam a2200157ua 4500
041
_a
eng
_h
082
_a
631.3
_b
OAT/FA
100
_a
Oates, J .
245
_a
Farm machinery /
_c
J Oates.
_h
Textual Documents
250
_a
1 /
_b
.
260
_a
London :
_b
Longman ,
_c
1967.
300
_a
95 ; .
504
_a
942
_c
BK
999
_c
5452
_d
5452